An introduction to research, analysis, and writing : (Record no. 586927)
[ view plain ]
| 000 -LEADER | |
|---|---|
| fixed length control field | 01277cam a22003497i 4500 |
| 001 - CONTROL NUMBER | |
| control field | 18786448 |
| 003 - CONTROL NUMBER IDENTIFIER | |
| control field | NUST |
| 005 - DATE AND TIME OF LATEST TRANSACTION | |
| control field | 20211201095752.0 |
| 008 - FIXED-LENGTH DATA ELEMENTS--GENERAL INFORMATION | |
| fixed length control field | 150917s2016 caua 001 0 eng |
| 010 ## - LIBRARY OF CONGRESS CONTROL NUMBER | |
| LC control number | 2015472728 |
| 020 ## - INTERNATIONAL STANDARD BOOK NUMBER | |
| International Standard Book Number | 9781483352558 (paperback) |
| 038 ## - RECORD CONTENT LICENSOR | |
| Staff Name | waseem |
| 040 ## - CATALOGING SOURCE | |
| Original cataloging agency | DLC |
| Language of cataloging | eng |
| Description conventions | rda |
| Transcribing agency | DLC |
| 050 00 - LIBRARY OF CONGRESS CALL NUMBER | |
| Classification number | MLCM 2018/42001 (H) |
| 082 ## - DEWEY DECIMAL CLASSIFICATION NUMBER | |
| Classification number | 300.7 |
| Author Mark | NEW |
| 100 1# - MAIN ENTRY--PERSONAL NAME | |
| Personal name | Newsome, Bruce, |
| Relator term | author. |
| 9 (RLIN) | 85374 |
| 245 13 - TITLE STATEMENT | |
| Title | An introduction to research, analysis, and writing : |
| Remainder of title | practical skills for social science students / |
| Statement of responsibility, etc. | Bruce Oliver Newsome, University of California, Berkeley. |
| 246 30 - VARYING FORM OF TITLE | |
| Title proper/short title | Practical skills for social science students |
| 264 #1 - PRODUCTION, PUBLICATION, DISTRIBUTION, MANUFACTURE, AND COPYRIGHT NOTICE | |
| Place of production, publication, distribution, manufacture | Los Angeles : |
| Name of producer, publisher, distributor, manufacturer | Sage, |
| Date of production, publication, distribution, manufacture, or copyright notice | [2016] |
| 300 ## - PHYSICAL DESCRIPTION | |
| Extent | xvii, 352 pages : |
| Other physical details | illustrations ; |
| Dimensions | 24 cm |
| 336 ## - CONTENT TYPE | |
| Content type term | text |
| Content type code | txt |
| Source | rdacontent |
| 337 ## - MEDIA TYPE | |
| Media type term | unmediated |
| Media type code | n |
| Source | rdamedia |
| 338 ## - CARRIER TYPE | |
| Carrier type term | volume |
| Carrier type code | nc |
| Source | rdacarrier |
| 500 ## - GENERAL NOTE | |
| General note | Minimal Level Cataloging Plus. |
| Institution to which field applies | DLC |
| 504 ## - BIBLIOGRAPHY, ETC. NOTE | |
| Bibliography, etc. note | Includes bibliographical references (pages 329-332) and index. |
| 563 ## - BINDING INFORMATION | |
| Binding note | PBK. |
| 650 #0 - SUBJECT ADDED ENTRY--TOPICAL TERM | |
| Topical term or geographic name entry element | Social sciences |
| General subdivision | Research. |
| 9 (RLIN) | 85375 |
| 650 #0 - SUBJECT ADDED ENTRY--TOPICAL TERM | |
| Topical term or geographic name entry element | Social sciences |
| General subdivision | Textbooks. |
| 9 (RLIN) | 85376 |
| 906 ## - LOCAL DATA ELEMENT F, LDF (RLIN) | |
| a | 7 |
| b | cbc |
| c | origres |
| d | 4 |
| e | ncip |
| f | 20 |
| g | y-gencatlg |
| 942 ## - ADDED ENTRY ELEMENTS (KOHA) | |
| Source of classification or shelving scheme | |
| Koha item type | Book |
| Withdrawn status | Lost status | Source of classification or shelving scheme | Damaged status | Not for loan | Permanent Location | Current Location | Shelving location | Date acquired | Source of acquisition | Full call number | Barcode | Date last seen | Price effective from | Koha item type | Total Checkouts |
|---|---|---|---|---|---|---|---|---|---|---|---|---|---|---|---|
| NUST Law School (NLS) | NUST Law School (NLS) | Research Methods | 12/01/2021 | Progressive International Agency | 300.7 NEW | CL-811 | 03/02/2022 | 12/01/2021 | Book | ||||||
| NUST Law School (NLS) | NUST Law School (NLS) | 04/08/2025 | 300.7 NEW | NLS-1641 | 04/08/2025 | 04/08/2025 | Book |
